000 00385 a2200133 4500
041 _aEng
082 _aCD9026
100 _aYadav, Ram Kumari
245 _aNoun phrase structures in Maithili and English:
_bA comparative study.
260 _aKathmandu,
_c2012
650 _aComparative study
_aGrammar
_aNoun phrase
_aLinguistic research
653 _aEnglish language
942 _2ddc
_cVM
999 _c67029
_d67015